000 00496nam a2200169Ia 4500
008 090711s9999 xx 000 0 und d
082 _b60753
100 _aरानडे स. अ.
245 _aब्रिजSाा खेळ
260 _bअशोक प्रेस
_c1943
300 _a56
600 _aरानडे स. अ.
630 _aब्रिजSाा खेळ
700 _aरानडे स. अ.
730 _aब्रिजSाा खेळ
942 _cBOOK
999 _c312657
_d312657